| 000 | 00496cam a22001337a 4500 | ||
|---|---|---|---|
| 008 | 180718b1977 xxu||||| |||| 00| 0 eng d | ||
| 082 | _aI5131x5441 B469 | ||
| 100 | _aBhatt, Anil | ||
| 245 |
_aBaroda's experiment in urban decentralization: a study of some administrative aspects _cby Anil Bhatt |
||
| 260 |
_aAhmedabad _bIndian Institute of Management _c1977 |
||
| 300 | _a44p. | ||
| 650 | _aVadodara (India) --Politics and government | ||
| 650 | _aDecentralization in government --India --Vadodara | ||
| 999 |
_c409385 _d409385 |
||